| 000 | 00875cab a2200289 4500 | ||
|---|---|---|---|
| 001 | WB3507-18 | ||
| 008 | 090401t1999 xxu||||| |||| 00| 0 eng d | ||
| 035 | _a(Sirsi) u91340 | ||
| 041 | _aeng | ||
| 245 | _aSuper league marches on | ||
| 260 | _c1999 | ||
| 350 | _a0 | ||
| 490 |
_aSunday Business _v14 February 1999, 8(2) |
||
| 520 | _aCapital Shopping Centres (CSC) has announced a 12% rise in pre-tax profits - bucking the trend across the rest of the retail sector. Table. | ||
| 650 | _aCAPITAL SHOPPING CENTRES | ||
| 650 | _aLEAGUE TABLE | ||
| 650 | _aOUT OF TOWN SHOPPING CENTRES | ||
| 650 | _aPROFITS | ||
| 650 | _aREGIONAL SHOPPING CENTRES | ||
| 650 | _aRENTAL INCOME | ||
| 650 | _aRESULTS | ||
| 650 | _aRETAIL SALES | ||
| 650 | _aSHOPPING CENTRES | ||
| 690 | _aPROPERTY-COMMERCIAL PROPERTY-RETAIL PROPERTY | ||
| 942 | _n0 | ||
| 948 | _c16/02/1999 | ||
| 999 |
_c57967 _d57967 |
||